The Basic Technology of the Pulp and Paper Industry and Its Environmental Protection Practices / (Record no. 3643)
[ view plain ]
| 000 -LEADER | |
|---|---|
| fixed length control field | 01218nac a22002411u 4500 |
| 008 - FIXED-LENGTH DATA ELEMENTS--GENERAL INFORMATION | |
| fixed length control field | 100906t xxu|||||d||||o000 0 eng d |
| 020 ## - INTERNATIONAL STANDARD BOOK NUMBER | |
| International Standard Book Number | 0662128508 |
| 082 ## - DEWEY DECIMAL CLASSIFICATION NUMBER | |
| Classification number | 676 |
| Item number | MCC |
| 100 ## - MAIN ENTRY--PERSONAL NAME | |
| Personal name | McCubbin Neil |
| 9 (RLIN) | 18189 |
| 245 ## - TITLE STATEMENT | |
| Title | The Basic Technology of the Pulp and Paper Industry and Its Environmental Protection Practices / |
| Statement of responsibility, etc | Prepared by Neil McCubbin for the Environmental Protection Programs Directorate, Environmental Protection Service & Environmental Canada |
| 260 ## - PUBLICATION, DISTRIBUTION, ETC. (IMPRINT) | |
| Place of publication, distribution, etc | Canada: |
| Name of publisher, distributor, etc | Environmental protections program directorate,1983 |
| Date of publication, distribution, etc | 1983 |
| 300 ## - PHYSICAL DESCRIPTION | |
| Extent | 203 p. : |
| Other physical details | ill.; |
| Dimensions | 28 cm. |
| 490 ## - Series Statement | |
| -- | 18170 |
| Series statement | Environmental Protection Service Report Series |
| 500 ## - GENERAL NOTE | |
| General note | Donations |
| 500 ## - GENERAL NOTE | |
| General note | Donations-Bibliotheca Alexandrina |
| 504 ## - BIBLIOGRAPHY, ETC. NOTE | |
| Bibliography, etc | Bibliography: p. 171-173. |
| 650 ## - SUBJECT ADDED ENTRY--TOPICAL TERM | |
| Topical term or geographic name as entry element | paper industry |
| General subdivision | environmental aspects |
| 9 (RLIN) | 18190 |
| 650 ## - SUBJECT ADDED ENTRY--TOPICAL TERM | |
| Topical term or geographic name as entry element | wood-pulp industry |
| General subdivision | environmental aspects |
| 9 (RLIN) | 18191 |
| 710 ## - ADDED ENTRY--CORPORATE NAME | |
| 9 (RLIN) | 18187 |
| Corporate name or jurisdiction name as entry element | Canada. Environmental Protection Programs Directorate |
| 710 ## - ADDED ENTRY--CORPORATE NAME | |
| 9 (RLIN) | 18188 |
| Corporate name or jurisdiction name as entry element | Canada. Environmental Protection Service |
| 942 ## - ADDED ENTRY ELEMENTS (KOHA) | |
| Item type | Book - Borrowing |
| Call number prefix | 676 MCC |
| Source of classification or shelving scheme | Dewey Decimal Classification |
| Withdrawn status | Item status | Source of classification or shelving scheme | Damaged status | Not for loan | Vendor | Home library | Current library | Shelving location | Date acquired | Source of acquisition | Total Checkouts | Total Renewals | Full call number | Barcode | Date last seen | Date last borrowed | Koha item type |
|---|---|---|---|---|---|---|---|---|---|---|---|---|---|---|---|---|---|
| Dewey Decimal Classification | Central Library | Central Library | First floor | 06/09/2010 | 1 | 5 | 676 MCC | 000030507 | 15/07/2025 | 07/05/2014 | Book - Borrowing |